Văn xuôi tự sự Việt Nam thời trung đại. Ký / t.II,
Đã lưu trong:
| Tác giả khác: | |
|---|---|
| Định dạng: | Sách giấy |
| Ngôn ngữ: | Vietnamese |
| Được phát hành: |
H. :
Giáo dục,
2001
|
| Những chủ đề: | |
| Các nhãn: |
Thêm thẻ
Không có thẻ, Là người đầu tiên thẻ bản ghi này!
|
| Thư viện lưu trữ: | Thư viện Trường Đại học Đà Lạt |
|---|
| LEADER | 00834nam a2200313 4500 | ||
|---|---|---|---|
| 001 | DLU040030217 | ||
| 005 | ##20041004 | ||
| 040 | # | # | |a DLU |b vie |
| 041 | # | # | |a vie |
| 044 | # | # | |a vn |
| 082 | # | # | |a 895.922 3 |b Van |
| 245 | # | # | |a Văn xuôi tự sự Việt Nam thời trung đại. |n t.II, |b Ký / |c Nguyễn Đăng Na giới thiệu và tuyển soạn |
| 260 | # | # | |a H. : |b Giáo dục, |c 2001 |
| 300 | # | # | |a 584 tr. ; |c 20 cm |
| 653 | # | # | |a Ký sự |
| 653 | # | # | |a Văn học trung đại |
| 653 | # | # | |a Văn học Việt Nam |
| 700 | # | # | |a Nguyễn Đăng Na |e giới thiệu và tuyển soạn |
| 923 | # | # | |a 41/2004 |
| 990 | # | # | |a t.II |
| 992 | # | # | |a 43.000 |
| 994 | # | # | |a DLU |
| 900 | # | # | |a True |
| 911 | # | # | |a Đào Thị Thu Huyền |
| 925 | # | # | |a G |
| 926 | # | # | |a A |
| 927 | # | # | |a SH |
| 980 | # | # | |a Thư viện Trường Đại học Đà Lạt |